Python for chemists /

"This accessible and self-contained guide provides a comprehensive introduction to the popular programming language, Python, with a focus on applications in chemistry and chemical physics. End of chapter problems are included throughout, with worked solutions available, and additional resources are...

Full description

Saved in:
Bibliographic Details
Main Authors: Hill, Christian, 1974- (Author), Hill, Christian (Author)
Format: Book
Language:English
Published: Cambridge, United Kingdom ; New York, NY : Cambridge University Press, 2024.
Subjects:
Online Access:View in OPAC
Tags: Add Tag
No Tags, Be the first to tag this record!

MARC

LEADER 00000cam a22000008i 4500
001 23263213
003 SK-BrSCK
005 20260127134425.0
008 230807s2024 enk b 001 0 eng
010 |a  2023021044 
020 |a 9781009102049  |q (paperback) 
020 |z 9781009106696  |q (ebook) 
040 |a DLC  |b eng  |e rda  |c DLC  |d SK-BrSCK 
042 |a pcc 
082 0 0 |a 542/.85133  |2 23/eng/20230927 
100 1 |a Hill, Christian,  |d 1974-  |e author. 
245 1 0 |a Python for chemists /  |c Christian Hill, International Atomic Energy Agency. 
263 |a 2311 
264 1 |a Cambridge, United Kingdom ;  |a New York, NY :  |b Cambridge University Press,  |c 2024. 
300 |a xi,546 pages:  |b Illustr.;  |c 24 cm. 
336 |a text  |b txt  |2 rdacontent 
337 |a unmediated  |b n  |2 rdamedia 
338 |a volume  |b nc  |2 rdacarrier 
504 |a Includes bibliographical references and index. 
520 |a "This accessible and self-contained guide provides a comprehensive introduction to the popular programming language, Python, with a focus on applications in chemistry and chemical physics. End of chapter problems are included throughout, with worked solutions available, and additional resources are provided on a companion website"--  |c Provided by publisher. 
650 0 |a Chemistry  |x Data processing. 
650 0 |a Chemistry, Physical and theoretical  |x Data processing. 
650 0 |a Python (Computer program language). 
700 |9 2426  |a Hill, Christian  |e author 
906 |a 7  |b cbc  |c orignew  |d 1  |e ecip  |f 20  |g y-gencatlg 
942 |2 udc  |c 14 
999 |c 12484  |d 12484